[Event "SV Günnigfeld 1 - SG Mengede 1"]
[Site "Verbandsklasse - Gruppe 1 201"]
[Date "2019.03.24"]
[Round "8.6"]
[White "Brandhoff, Gerd"]
[Black "Kraus, Reinhard"]
[Result "1/2-1/2"]
[WhiteElo "1779"]
[BlackElo "1798"]
[PlyCount "57"]
[EventDate "2019.??.??"]

1. e4 c5 2. c4 g6 3. Nc3 Bg7 4. d3 Nc6 5. Nge2 d6 6. g3 e5 7. Bg2 Nge7 8. O-O
Rb8 9. Bg5 f6 10. Bd2 O-O 11. Qc1 a6 12. a3 b5 13. Nd1 Be6 14. b3 Na5 15. Rb1
bxc4 16. bxc4 Nb3 17. Qc2 Nxd2 18. Rxb8 Qxb8 19. Qxd2 Qb3 20. Qc3 Rb8 21. Nc1
Qxc3 22. Nxc3 Nc6 23. N1a2 Nd4 24. Rb1 Rxb1+ 25. Nxb1 Bg4 26. Nac3 Bh6 27. Kf1
Kf7 28. h3 Bd7 29. Ke1 1/2-1/2

[Event "SV Günnigfeld 1 - SG Mengede 1"]
[Site "Verbandsklasse - Gruppe 1 201"]
[Date "2019.03.24"]
[Round "8.8"]
[White "Bender, Markus"]
[Black "Wiktor, Reinhard"]
[Result "1-0"]
[WhiteElo "1819"]
[BlackElo "1760"]
[PlyCount "119"]
[EventDate "2019.??.??"]

1. e4 d6 2. d4 g6 3. f4 Bg7 4. c3 Nf6 5. Bd3 Nc6 6. Nf3 O-O 7. Nbd2 Nh5 8. Nf1
e5 9. dxe5 dxe5 10. f5 Nf4 11. Bxf4 exf4 12. Qc2 gxf5 13. O-O-O Qf6 14. exf5
Ne7 15. g4 fxg3 16. Nxg3 Kh8 17. Kb1 Bh6 18. Rhg1 Nd5 19. Nh5 Qb6 20. Rde1 Ne3
21. Qe2 Qc5 22. Nd4 Qe5 23. Ng3 Qd6 24. Qh5 c5 25. Ne4 Qf4 26. Ne2 Qe5 27. Qxh6
Bxf5 28. Qxe3 c4 29. Bc2 Rad8 30. N2g3 Bg6 31. h4 f5 32. Ng5 Qxe3 33. Rxe3 f4
34. Re2 fxg3 35. Bxg6 hxg6 36. Rxg3 Rf1+ 37. Kc2 Rdd1 38. Rf3 Rc1+ 39. Kd2
Rcd1+ 40. Ke3 Rg1 41. Ke4 Kg8 42. Ke5 Rd8 43. Kf6 Rf8+ 44. Ke7 Rb8 45. Rf7 b5
46. Ref2 Rb7+ 47. Ke6 Re1+ 48. Kd6 Rb6+ 49. Kc5 Re8 50. Rxa7 Rbb8 51. Rf3 Rec8+
52. Kb4 Rc6 53. Ne4 Rbb6 54. Rff7 Re6 55. Nc5 Re2 56. Rg7+ Kh8 57. Rh7+ Kg8 58.
Rag7+ Kf8 59. Nd7+ Ke8 60. Rh8# 1-0

[Event "Sport Union Annen 1-Königsspringer Halt"]
[Site "Verbandsklasse - Gruppe 1 201"]
[Date "2019.03.24"]
[Round "8.1"]
[White "Czarnik, Jozef"]
[Black "Mainka, Gregor"]
[Result "1-0"]
[WhiteElo "1908"]
[BlackElo "2187"]
[PlyCount "75"]
[EventDate "2019.??.??"]

1. e4 e6 2. d4 d5 3. Nc3 Bb4 4. Qg4 Kf8 5. e5 c5 6. a3 Bxc3+ 7. bxc3 Qc7 8. Bd2
Ne7 9. Bd3 b6 10. Nf3 Ba6 11. O-O h6 12. Rfd1 Bxd3 13. cxd3 Nd7 14. Qh3 Kg8 15.
g3 c4 16. Ne1 g6 17. Ng2 Kg7 18. Nf4 cxd3 19. Qxe6 fxe6 20. Nxe6+ Kh7 21. Nxc7
Rac8 22. Nb5 a6 23. Nd6 Rc6 24. Be1 Nf5 25. Nxf5 gxf5 26. Rxd3 Kg6 27. Kg2 Rhc8
28. Re3 Nf8 29. Rb1 b5 30. Re2 Ne6 31. a4 Nc7 32. Rb4 Kf7 33. Ra2 Rb8 34. Kf1
Rbb6 35. Ke2 Rc4 36. axb5 Nxb5 37. Rxc4 dxc4 38. Ra4 1-0

[Event "Sport Union Annen 1-Königsspringer Halt"]
[Site "Verbandsklasse - Gruppe 1 201"]
[Date "2019.03.24"]
[Round "8.2"]
[White "Wicht, Juergen"]
[Black "Lombardi, Marco"]
[Result "0-1"]
[WhiteElo "2001"]
[BlackElo "1833"]
[PlyCount "98"]
[EventDate "2019.??.??"]

1. d4 d5 2. Nf3 Nf6 3. c4 e6 4. Bg5 Be7 5. Nc3 Nbd7 6. e3 h6 7. Bh4 c6 8. Bd3
dxc4 9. Bxc4 b5 10. Bd3 Bb7 11. O-O O-O 12. Rc1 a6 13. a4 Rc8 14. Qe2 b4 15.
Nb1 a5 16. Rfd1 Nd5 17. Bg3 c5 18. dxc5 Nxc5 19. Bb5 Ne4 20. Nd4 Bc5 21. Nb3
Bb6 22. N1d2 Nxd2 23. Qxd2 Qg5 24. e4 Rxc1 25. Rxc1 Nf6 26. Qxg5 hxg5 27. Bc7
Bxc7 28. Rxc7 Bxe4 29. Nxa5 Rd8 30. f3 Rd1+ 31. Kf2 Bg6 32. Nc4 Nd5 33. Rd7 Bd3
34. Ne3 Rd2+ 35. Kg3 Nxe3 36. Rd8+ Kh7 37. Bxd3+ f5 38. Kh3 Rxb2 39. a5 Ra2 40.
a6 Nxg2 41. Bf1 Nf4+ 42. Kg3 b3 43. Rb8 b2 44. h4 Kg6 45. Rb7 Nh5+ 46. Kh3 gxh4
47. Bc4 Ra4 48. Bb5 Nf4+ 49. Kh2 Ra1 0-1

[Event "Sport Union Annen 1-Königsspringer Halt"]
[Site "Verbandsklasse - Gruppe 1 201"]
[Date "2019.03.24"]
[Round "8.3"]
[White "Schulz, Alfons"]
[Black "Sondermann, Dirk"]
[Result "0-1"]
[WhiteElo "1808"]
[BlackElo "1892"]
[PlyCount "78"]
[EventDate "2019.??.??"]

1. e4 e6 2. d3 d5 3. Nd2 Nf6 4. Ngf3 c5 5. g3 Nc6 6. Bg2 Be7 7. O-O O-O 8. Re1
b5 9. c3 a5 10. a3 Ba6 11. e5 Nd7 12. Nf1 Rc8 13. h4 b4 14. Bf4 bxc3 15. bxc3
a4 16. Ne3 Nb6 17. Ng4 Na7 18. Bg5 Nb5 19. Qc2 d4 20. Bxe7 Qxe7 21. c4 Nc3 22.
Ng5 Rb8 23. f4 Bb7 24. Ne4 Bxe4 25. Bxe4 Nd7 26. Bc6 Nb6 27. Nf2 Qc7 28. Bg2
Nd7 29. Ne4 Rb3 30. Nd2 Rfb8 31. Nxb3 axb3 32. Qf2 Qa5 33. Bc6 Nf8 34. a4 b2
35. Rab1 Nxb1 36. Rxb1 Qc3 37. Qf1 Rb3 38. Bb5 Ra3 39. Qd1 Ra1 0-1

[Event "Sport Union Annen 1-Königsspringer Halt"]
[Site "Verbandsklasse - Gruppe 1 201"]
[Date "2019.03.24"]
[Round "8.4"]
[White "Hartung, Thomas"]
[Black "Michalicek, Roland"]
[Result "1-0"]
[WhiteElo "1928"]
[BlackElo "1834"]
[PlyCount "61"]
[EventDate "2019.??.??"]

1. e4 e5 2. Nf3 Nf6 3. Nxe5 d6 4. Nf3 Nxe4 5. d4 d5 6. Bd3 Bd6 7. O-O O-O 8.
Nc3 Nxc3 9. bxc3 Bg4 10. h3 Bh5 11. c4 c6 12. Rb1 dxc4 13. Bxc4 b5 14. Bd3 Re8
15. c4 a6 16. Be3 Ra7 17. d5 Rd7 18. Bf5 Rb7 19. c5 Rxe3 20. fxe3 Bxc5 21. dxc6
Bxe3+ 22. Kh1 Nxc6 23. Qxd8+ Nxd8 24. Rfe1 Re7 25. Bc8 f6 26. Bxa6 Bf7 27. Rbd1
Nc6 28. Bxb5 Be8 29. Rd6 Bc5 30. Rxe7 Nxe7 31. Rd8 1-0

[Event "Sport Union Annen 1-Königsspringer Halt"]
[Site "Verbandsklasse - Gruppe 1 201"]
[Date "2019.03.24"]
[Round "8.5"]
[White "Backmann, Hans"]
[Black "Al Ali, Mohammad"]
[Result "1-0"]
[WhiteElo "1752"]
[BlackElo "1819"]
[PlyCount "61"]
[EventDate "2019.??.??"]

1. c4 g6 2. g3 Bg7 3. Bg2 d6 4. Nf3 c5 5. O-O Nc6 6. d3 Bg4 7. Nc3 Qd7 8. Nd5
h5 9. h4 Nh6 10. Nh2 O-O-O 11. Rb1 e6 12. Bxh6 Rxh6 13. Ne3 Rh7 14. Nhxg4 hxg4
15. Nxg4 f5 16. Nh2 g5 17. hxg5 Rdh8 18. Nf3 Nd4 19. e3 Nc6 20. d4 cxd4 21.
exd4 Bxd4 22. Nxd4 Rh1+ 23. Bxh1 Qh7 24. Kg2 Qh3+ 25. Kf3 Qg4+ 26. Ke3 Qxg5+
27. f4 Qxg3+ 28. Rf3 Qg7 29. Nxc6 bxc6 30. Qxd6 Qb7 31. Rg3 1-0

[Event "Sport Union Annen 1-Königsspringer Halt"]
[Site "Verbandsklasse - Gruppe 1 201"]
[Date "2019.03.24"]
[Round "8.6"]
[White "Jeschke, Holger"]
[Black "Struebig, Dominik"]
[Result "1/2-1/2"]
[WhiteElo "1892"]
[BlackElo "1691"]
[PlyCount "34"]
[EventDate "2019.??.??"]

1. b4 e5 2. Bb2 d6 3. e3 Nf6 4. Nf3 Be7 5. c4 O-O 6. Be2 Nbd7 7. O-O b6 8. d4
exd4 9. Nxd4 Bb7 10. Bf3 Bxf3 11. Nxf3 d5 12. Qb3 a5 13. a3 axb4 14. axb4 Rxa1
15. Bxa1 Qa8 16. Nc3 dxc4 17. Qxc4 c5 1/2-1/2

[Event "Sport Union Annen 1-Königsspringer Halt"]
[Site "Verbandsklasse - Gruppe 1 201"]
[Date "2019.03.24"]
[Round "8.7"]
[White "Dreckmann, Guenter"]
[Black "Zadow, Ralf"]
[Result "1/2-1/2"]
[WhiteElo "1644"]
[BlackElo "1825"]
[PlyCount "52"]
[EventDate "2019.??.??"]

1. c4 Nf6 2. Nc3 g6 3. g3 Bg7 4. Bg2 c5 5. e4 d6 6. Nge2 Nc6 7. O-O h5 8. h3 h4
9. g4 Nxg4 10. hxg4 h3 11. Bf3 Ne5 12. Ng3 Rh4 13. g5 Nxf3+ 14. Qxf3 Bg4 15.
Qd3 e6 16. f4 e5 17. f5 Qxg5 18. Nb5 Be2 19. Qxe2 Qxg3+ 20. Kh1 O-O-O 21. Rg1
Qg2+ 22. Qxg2 hxg2+ 23. Kxg2 gxf5 24. exf5 e4 25. Kf1 Be5 26. d4 Bf4 1/2-1/2

[Event "SC Werl 1981 1 - DJK Wacker Bergeborbec"]
[Site "Verbandsklasse - Gruppe 1 201"]
[Date "2019.03.24"]
[Round "8.1"]
[White "Landscheidt, Heinz"]
[Black "Schwarzkopf, Christian"]
[Result "0-1"]
[WhiteElo "1848"]
[BlackElo "2041"]
[PlyCount "104"]
[EventDate "2019.??.??"]

1. c4 g6 2. Nc3 Bg7 3. Nf3 d6 4. d4 Nf6 5. e4 O-O 6. Be2 Nc6 7. O-O e5 8. dxe5
dxe5 9. Qxd8 Rxd8 10. Bg5 Rd7 11. Rfd1 h6 12. Bxf6 Bxf6 13. Nd5 Kg7 14. Nxf6
Kxf6 15. h3 Rxd1+ 16. Rxd1 Be6 17. b3 Rd8 18. Rxd8 Nxd8 19. Nd2 Bd7 20. Nb1 Ke7
21. Kf1 Kd6 22. Ke1 Ne6 23. h4 Nd4 24. Bd1 f5 25. exf5 gxf5 26. Nc3 c6 27. Kd2
b5 28. cxb5 cxb5 29. b4 e4 30. Ke3 Ke5 31. g3 Be6 32. a4 bxa4 33. Bxa4 Bc4 34.
Nd1 Bb5 35. Bxb5 Nxb5 36. Nb2 Na3 37. Kd2 Kd4 38. Nd1 Nc4+ 39. Ke2 Nd6 40. f3
exf3+ 41. Kxf3 Kc4 42. Kf4 Kxb4 43. Ke5 Nc4+ 44. Kxf5 a5 45. g4 a4 46. g5 a3
47. g6 Nd6+ 48. Ke6 Ne8 49. Kf7 a2 50. Kxe8 a1=Q 51. Kf7 Qxd1 52. g7 Qh5+ 0-1

[Event "SC Werl 1981 1 - DJK Wacker Bergeborbec"]
[Site "Verbandsklasse - Gruppe 1 201"]
[Date "2019.03.24"]
[Round "8.2"]
[White "Stolle, Dietmar"]
[Black "Grodotzki, Thomas"]
[Result "0-1"]
[WhiteElo "2008"]
[BlackElo "1964"]
[PlyCount "72"]
[EventDate "2019.??.??"]

1. c4 e5 2. Nc3 Nf6 3. g3 Bb4 4. Bg2 O-O 5. Nd5 Nxd5 6. cxd5 c6 7. a3 Bd6 8. e3
Qa5 9. dxc6 dxc6 10. Ne2 Bf5 11. Qb3 Qa6 12. e4 Be6 13. Qc3 Bc4 14. Bf1 Bd3 15.
f3 f5 16. exf5 Rxf5 17. Nd4 Bxf1 18. Rxf1 exd4 19. Qb3+ Kf8 20. f4 Nd7 21. Kf2
Bxf4 22. Kg2 Nc5 23. Qf3 Nd3 24. gxf4 Rxf4 25. Qxf4+ Nxf4+ 26. Rxf4+ Kg8 27. b4
Rf8 28. Rxf8+ Kxf8 29. Kf2 Qd3 30. a4 Qf5+ 31. Kg2 Qe4+ 32. Kg3 Qe5+ 33. Kg2 d3
34. Ra3 Qe4+ 35. Kf2 Qe2+ 36. Kg3 Qe1+ 0-1

[Event "SC Werl 1981 1 - DJK Wacker Bergeborbec"]
[Site "Verbandsklasse - Gruppe 1 201"]
[Date "2019.03.24"]
[Round "8.3"]
[White "Mombeck, Michael"]
[Black "Lampe, Thomas"]
[Result "1/2-1/2"]
[WhiteElo "1983"]
[BlackElo "1967"]
[PlyCount "38"]
[EventDate "2019.??.??"]

1. e4 c5 2. Nc3 Nc6 3. g3 g6 4. Bg2 Bg7 5. d3 d6 6. Be3 e5 7. Qd2 h6 8. Nge2
Nd4 9. h3 Ne7 10. f4 O-O 11. O-O Kh7 12. Rf2 Rb8 13. Raf1 Be6 14. Nd1 Qd7 15.
Kh2 f5 16. b3 b6 17. c3 Nxe2 18. Rxe2 Rbd8 19. c4 Nc6 1/2-1/2

[Event "SC Werl 1981 1 - DJK Wacker Bergeborbec"]
[Site "Verbandsklasse - Gruppe 1 201"]
[Date "2019.03.24"]
[Round "8.4"]
[White "Beulertz, Stefan"]
[Black "Brandhorst, Dieter"]
[Result "1/2-1/2"]
[WhiteElo "2017"]
[BlackElo "1893"]
[PlyCount "95"]
[EventDate "2019.??.??"]

1. e4 d5 2. exd5 Nf6 3. Nf3 Bg4 4. Be2 Qxd5 5. d4 Nc6 6. c4 Qf5 7. Be3 O-O-O 8.
Nbd2 e5 9. d5 Bxf3 10. Bxf3 Nd4 11. Bxd4 exd4 12. O-O Bd6 13. Nb3 Be5 14. g3 d3
15. Nc5 d2 16. Ne4 h5 17. Nxd2 h4 18. Qb1 Qg5 19. Ne4 Qh6 20. Qc1 hxg3 21. Qxh6
gxh2+ 22. Qxh2 Bxh2+ 23. Kg2 Nxe4 24. Bxe4 Be5 25. f4 Bxb2 26. Rab1 Ba3 27. Rf3
Bd6 28. Bf5+ Kb8 29. Rh1 Rxh1 30. Kxh1 Re8 31. Rf2 g6 32. Bc2 a5 33. f5 g5 34.
Kg2 g4 35. f6 Rh8 36. Bf5 g3 37. Re2 Rh4 38. c5 Rh2+ 39. Kf3 Rxe2 40. Kxe2 Bxc5
41. Kf3 Bd6 42. Be6 b5 43. Bxf7 a4 44. Be8 Ka7 45. Bxb5 a3 46. f7 Kb6 47. Bc4
Kc5 48. Bb3 1/2-1/2

[Event "SC Werl 1981 1 - DJK Wacker Bergeborbec"]
[Site "Verbandsklasse - Gruppe 1 201"]
[Date "2019.03.24"]
[Round "8.5"]
[White "Schaedlich, Andreas"]
[Black "Vieweger, Torsten"]
[Result "1/2-1/2"]
[WhiteElo "1881"]
[BlackElo "1892"]
[PlyCount "24"]
[EventDate "2019.??.??"]

1. e4 e6 2. Nf3 b6 3. d4 d5 4. exd5 exd5 5. Bd3 Nf6 6. O-O Be7 7. Re1 O-O 8.
Bg5 Bg4 9. Nbd2 c5 10. h3 Bh5 11. c3 a6 12. Qc2 Bg6 1/2-1/2

[Event "SC Werl 1981 1 - DJK Wacker Bergeborbec"]
[Site "Verbandsklasse - Gruppe 1 201"]
[Date "2019.03.24"]
[Round "8.6"]
[White "Brunberg, Ingo"]
[Black "Alinsug, Salvadore"]
[Result "1/2-1/2"]
[WhiteElo "1801"]
[BlackElo "1711"]
[PlyCount "92"]
[EventDate "2019.??.??"]

1. e4 c5 2. Nc3 e6 3. g3 Nc6 4. Bg2 Nf6 5. Nge2 Be7 6. O-O O-O 7. d3 a6 8. h3
h6 9. f4 d6 10. g4 Nh7 11. Be3 f5 12. Bf3 fxg4 13. hxg4 Bh4 14. Qd2 e5 15. f5
Nd4 16. Nd5 b5 17. c3 Nxf3+ 18. Rxf3 Ng5 19. Bxg5 Bxg5 20. Qc2 Bb7 21. Qb3 Kh8
22. Rh3 Bd2 23. Rh5 c4 24. dxc4 Bxd5 25. cxd5 Qb6+ 26. Kf1 Qe3 27. Rh2 Qf3+ 28.
Rf2 Qxe4 29. Qd1 Be3 30. Ng3 Qc4+ 31. Re2 Qf4+ 32. Kg2 Bb6 33. Rc2 e4 34. Qe2
Rae8 35. Re1 e3 36. Qf3 Qc4 37. b3 Qc5 38. Rd1 b4 39. c4 Re5 40. Re2 Qc7 41.
Rh1 Qe7 42. Qf4 Kg8 43. Rhe1 Kh7 44. Rh1 Kg8 45. Rhe1 Kh7 46. Rh1 Kg8 1/2-1/2

[Event "SC Werl 1981 1 - DJK Wacker Bergeborbec"]
[Site "Verbandsklasse - Gruppe 1 201"]
[Date "2019.03.24"]
[Round "8.7"]
[White "Grimke, Michael"]
[Black "Scheibe, Andreas"]
[Result "0-1"]
[WhiteElo "1705"]
[BlackElo "1788"]
[PlyCount "56"]
[EventDate "2019.??.??"]

1. d4 Nf6 2. Nc3 d5 3. e4 Nxe4 4. Nxe4 dxe4 5. f3 Bf5 6. Be3 e6 7. g4 Bg6 8. h4
h5 9. Bg2 hxg4 10. fxe4 Rxh4 11. Rxh4 Qxh4+ 12. Bf2 g3 13. Be3 Bxe4 14. Nf3 Qf6
15. Qe2 Bb4+ 16. c3 Bd6 17. O-O-O Nd7 18. Rf1 Qe7 19. Ng5 Bg6 20. Bxb7 Rb8 21.
Bc6 f6 22. Ne4 Ba3 23. Bxd7+ Qxd7 24. bxa3 Bxe4 25. Qh5+ Qf7 26. Qh8+ Qf8 27.
Qxf8+ Kxf8 28. Rg1 g2 0-1

[Event "SC Werl 1981 1 - DJK Wacker Bergeborbec"]
[Site "Verbandsklasse - Gruppe 1 201"]
[Date "2019.03.24"]
[Round "8.8"]
[White "Zimmer, Sebastian"]
[Black "Nikolic, Djuro"]
[Result "1/2-1/2"]
[WhiteElo "1674"]
[BlackElo "1734"]
[PlyCount "51"]
[EventDate "2019.??.??"]

1. e4 e6 2. d4 b6 3. c4 Bb7 4. Nc3 c5 5. d5 d6 6. Bd3 e5 7. Nge2 Bc8 8. O-O g6
9. f4 exf4 10. Bxf4 Nd7 11. Nb5 Ne5 12. Bxe5 dxe5 13. Ng3 a6 14. Nc3 Nh6 15.
Qf3 Bg7 16. h3 O-O 17. Be2 Rb8 18. Na4 Bd7 19. Qa3 Qg5 20. Kh2 Qh4 21. Nh1 Qxe4
22. Nc3 Qc2 23. Rac1 Qd2 24. Rcd1 Qe3 25. Rd3 Qg5 26. Qxa6 1/2-1/2

[Event "SV Wattenscheid 3 - SC Mülheim 1"]
[Site "Verbandsklasse - Gruppe 1 201"]
[Date "2019.03.24"]
[Round "8.1"]
[White "Viebahn, Dirk"]
[Black "Leveikina, Jevgenija"]
[Result "1-0"]
[WhiteElo "2117"]
[BlackElo "2032"]
[PlyCount "49"]
[EventDate "2019.??.??"]

1. e4 c6 2. d4 d5 3. e5 Bf5 4. h4 h5 5. Bd3 Bxd3 6. Qxd3 e6 7. Bg5 Qa5+ 8. Nd2
Qb5 9. c4 dxc4 10. Nxc4 Nh6 11. Ne2 Nf5 12. O-O Nd7 13. Ng3 g6 14. Ne4 Qd5 15.
Rfd1 b5 16. Ne3 Nxe3 17. Qxe3 b4 18. a3 a5 19. a4 Ra7 20. b3 Rc7 21. Rac1 Bg7
22. Nd6+ Kf8 23. Qf4 Nb8 24. Rd3 Rh7 25. Rc5 1-0

[Event "SV Wattenscheid 3 - SC Mülheim 1"]
[Site "Verbandsklasse - Gruppe 1 201"]
[Date "2019.03.24"]
[Round "8.2"]
[White "Wolf, Ulrich"]
[Black "Langschmidt, Dirk"]
[Result "1/2-1/2"]
[WhiteElo "2029"]
[BlackElo "1986"]
[PlyCount "46"]
[EventDate "2019.??.??"]

1. d4 d5 2. Bf4 Nf6 3. e3 g6 4. h3 Bg7 5. c4 c6 6. Nc3 O-O 7. Nf3 Qb6 8. Qb3
Be6 9. c5 Qxb3 10. axb3 Nbd7 11. b4 a6 12. Bd3 Bf5 13. Be2 Rfe8 14. O-O h6 15.
g4 Be4 16. Ne5 g5 17. Nxe4 Nxe4 18. Bh2 Nef6 19. f4 Nxe5 20. fxe5 Ne4 21. Bd3
e6 22. Kg2 Rf8 23. Bxe4 dxe4 1/2-1/2

[Event "SV Wattenscheid 3 - SC Mülheim 1"]
[Site "Verbandsklasse - Gruppe 1 201"]
[Date "2019.03.24"]
[Round "8.3"]
[White "Achenbach, Manfred"]
[Black "Thelen, Thomas"]
[Result "0-1"]
[WhiteElo "1881"]
[BlackElo "1979"]
[PlyCount "100"]
[EventDate "2019.??.??"]

1. c4 c5 2. Nf3 b6 3. g3 Bb7 4. Bg2 Nf6 5. d3 e6 6. e4 d6 7. O-O Nbd7 8. Nc3
Be7 9. h3 a6 10. Be3 Qc7 11. Rc1 O-O 12. a3 Rac8 13. b4 Qb8 14. b5 axb5 15.
Nxb5 d5 16. exd5 exd5 17. Bf4 Qa8 18. Re1 Bd8 19. Bd6 Re8 20. Rxe8+ Nxe8 21.
Qe2 Bf6 22. Nh2 Bc6 23. Be7 Bxb5 24. cxb5 Qxa3 25. Re1 Nc7 26. Bd6 Bc3 27. Rf1
Qa8 28. Ng4 Nxb5 29. Nh6+ gxh6 30. Qg4+ Kh8 31. Qxd7 Rd8 32. Qxb5 Rxd6 33. Rc1
Bd4 34. Re1 Qa2 35. Qe8+ Kg7 36. Kh2 Rf6 37. Re2 Qb1 38. Qc8 Bxf2 39. Rxf2 Rxf2
40. Qg4+ Kf6 41. Qh4+ Ke6 42. Qxh6+ Kd7 43. Qh5 Qa2 44. Kh1 Rxg2 45. Qxf7+ Kc6
46. Qe8+ Kb7 47. Qd7+ Ka6 48. Qc8+ Kb5 49. Qe8+ Ka5 50. Qe1+ Ka6 0-1

[Event "SV Wattenscheid 3 - SC Mülheim 1"]
[Site "Verbandsklasse - Gruppe 1 201"]
[Date "2019.03.24"]
[Round "8.4"]
[White "Peter, Thomas"]
[Black "Riese, Manfred"]
[Result "1/2-1/2"]
[WhiteElo "2085"]
[BlackElo "1827"]
[PlyCount "128"]
[EventDate "2019.??.??"]

1. e4 d6 2. Bc4 Nf6 3. d3 c6 4. Bb3 g6 5. Nf3 Bg4 6. h3 Bxf3 7. Qxf3 Nbd7 8. c3
Bg7 9. O-O O-O 10. Qe2 a5 11. a4 e5 12. Nd2 Nc5 13. Bc2 Re8 14. Nf3 h6 15. Nh2
d5 16. Ng4 Nxg4 17. Qxg4 Ne6 18. g3 h5 19. Qe2 Qd6 20. Be3 d4 21. Bd2 Rad8 22.
Rfd1 b6 23. Rab1 c5 24. Be1 Qd7 25. h4 Bh6 26. Bb3 Kg7 27. Ra1 Nc7 28. Bc4 Re7
29. cxd4 exd4 30. b3 f6 31. Kg2 Rf8 32. Bd2 Bxd2 33. Qxd2 Ne8 34. Rf1 Nd6 35.
f4 Qg4 36. Qd1 Nf7 37. Qxg4 hxg4 38. Bxf7 Rfxf7 39. f5 Re5 40. fxg6 Kxg6 41.
Rf4 f5 42. Raf1 Rf6 43. R1f2 Rf7 44. exf5+ Kh5 45. f6 Re3 46. Re4 Rxd3 47. Re7
Rxe7 48. fxe7 Re3 49. Rf6 Rxe7 50. Rxb6 Re2+ 51. Kf1 Re3 52. Kf2 Rf3+ 53. Kg2
Rc3 54. Rd6 Rc2+ 55. Kf1 Rc1+ 56. Ke2 Rc2+ 57. Kd1 Rc3 58. Rd5+ Kh6 59. Kd2
Rxg3 60. Rxc5 Rxb3 61. Rxa5 Ra3 62. Rg5 g3 63. Kc2 g2 64. Kb2 Rxa4 1/2-1/2

[Event "SV Wattenscheid 3 - SC Mülheim 1"]
[Site "Verbandsklasse - Gruppe 1 201"]
[Date "2019.03.24"]
[Round "8.5"]
[White "Straenger, Petra"]
[Black "Thon, Manfred"]
[Result "1/2-1/2"]
[WhiteElo "1814"]
[BlackElo "1838"]
[PlyCount "56"]
[EventDate "2019.??.??"]

1. d4 d5 2. Nf3 Nc6 3. Bf4 Nf6 4. h3 e6 5. e3 Bd6 6. Bxd6 Qxd6 7. c3 O-O 8.
Nbd2 e5 9. dxe5 Nxe5 10. Nxe5 Qxe5 11. Nf3 Qe7 12. Bd3 h6 13. O-O Ne4 14. Qc2
Nd6 15. Rad1 c6 16. Rfe1 Qf6 17. Nd4 Re8 18. e4 dxe4 19. Bxe4 Nxe4 20. Rxe4
Rxe4 21. Qxe4 Bd7 22. Qf3 Qxf3 23. Nxf3 Be6 24. b3 Kf8 25. Nd4 Re8 26. Re1 Bd7
27. Kf1 Rxe1+ 28. Kxe1 Ke7 1/2-1/2

[Event "SV Wattenscheid 3 - SC Mülheim 1"]
[Site "Verbandsklasse - Gruppe 1 201"]
[Date "2019.03.24"]
[Round "8.6"]
[White "Schlee, Ulrich"]
[Black "Riek, Wolfgang"]
[Result "1/2-1/2"]
[WhiteElo "1715"]
[BlackElo "1786"]
[PlyCount "100"]
[EventDate "2019.??.??"]

1. e4 e5 2. Nf3 Nc6 3. d4 exd4 4. Bc4 Be7 5. c3 d3 6. Qxd3 d6 7. Bf4 Nf6 8. O-O
O-O 9. Bb3 Bg4 10. Nbd2 Nd7 11. h3 Nc5 12. Qe3 Nxb3 13. Nxb3 Be6 14. Nbd4 Bd7
15. Rfe1 Bf6 16. Rad1 Re8 17. Qd3 Ne5 18. Bxe5 dxe5 19. Nb3 Bc6 20. Qc4 Qc8 21.
Na5 Re6 22. Nxc6 Rxc6 23. Qd5 Rd6 24. Qc5 Qd8 25. Rxd6 Qxd6 26. Qxd6 cxd6 27.
Rd1 Be7 28. Rd5 Kf8 29. Kf1 Rc8 30. Ke2 f6 31. Kd3 Ke8 32. Nd2 Kd7 33. c4 Rc5
34. b4 Rxd5+ 35. cxd5 Bd8 36. a4 Bb6 37. f3 Bf2 38. b5 Kc7 39. Nc4 Be1 40. Ke2
Bb4 41. Kf2 Kd7 42. g4 Ke7 43. Ke2 Kd7 44. h4 b6 45. h5 Ke7 46. Ne3 Kf7 47. Nf5
Kf8 48. Kd3 Bc5 49. Nh4 Kf7 50. Ng2 Kf8 1/2-1/2

[Event "SV Wattenscheid 3 - SC Mülheim 1"]
[Site "Verbandsklasse - Gruppe 1 201"]
[Date "2019.03.24"]
[Round "8.7"]
[White "Meyer, Friedel"]
[Black "Buechle, Regina"]
[Result "1/2-1/2"]
[WhiteElo "1765"]
[BlackElo "1680"]
[PlyCount "42"]
[EventDate "2019.??.??"]

1. c4 Nf6 2. g3 e6 3. Nc3 d5 4. Bg2 c6 5. cxd5 exd5 6. d4 Bf5 7. Nf3 h6 8. Qb3
Qb6 9. Qxb6 axb6 10. O-O Be7 11. Re1 O-O 12. Nh4 Bh7 13. f4 Nbd7 14. Nf3 Ne4
15. Nd2 Nxd2 16. Bxd2 f5 17. Bh3 Nf6 18. Bg2 b5 19. b3 Rfe8 20. Nd1 Bd6 21. Nf2
Ne4 1/2-1/2

[Event "SV Wattenscheid 3 - SC Mülheim 1"]
[Site "Verbandsklasse - Gruppe 1 201"]
[Date "2019.03.24"]
[Round "8.8"]
[White "Nigl, Andreas"]
[Black "Wisotzky, Klaus"]
[Result "1/2-1/2"]
[WhiteElo "2004"]
[BlackElo "1638"]
[PlyCount "56"]
[EventDate "2019.??.??"]

1. e4 e6 2. d4 d5 3. Nc3 Nf6 4. Bg5 Be7 5. e5 Ne4 6. Nxe4 Bxg5 7. Nxg5 Qxg5 8.
Qd3 Nd7 9. Nf3 Qe7 10. Qb3 O-O 11. Bb5 c6 12. Be2 f6 13. O-O fxe5 14. dxe5 Qd8
15. Rfe1 Qb6 16. Qa3 Qc5 17. b4 Qe7 18. Qd3 c5 19. bxc5 Nxc5 20. Qa3 b6 21. c4
Bb7 22. cxd5 Bxd5 23. Rad1 Qf7 24. Qe3 Qf4 25. Qxf4 Rxf4 26. Nd4 Raf8 27. Bf3
Bxf3 28. Nxf3 Ra4 1/2-1/2

[Event "SK Germania Kupferdreh 1 - SC Gerthe - "]
[Site "Verbandsklasse - Gruppe 2 201"]
[Date "2019.03.24"]
[Round "8.1"]
[White "Quast, Marcel"]
[Black "Unteregge, Michael"]
[Result "1-0"]
[WhiteElo "2238"]
[BlackElo "2018"]
[Annotator "Daniel"]
[PlyCount "117"]
[EventDate "2019.??.??"]

1. e4 c6 2. d3 d5 3. Nd2 e5 4. g3 Nf6 5. Bg2 Bd6 6. Ngf3 O-O 7. O-O dxe4 8.
dxe4 Bg4 9. Re1 Qe7 10. c3 Nbd7 11. Qc2 Rfd8 12. Nc4 Bc5 13. b4 Bb6 14. a4 Bc7
15. Ne3 Bxf3 16. Bxf3 g6 17. a5 b5 18. Bd2 a6 19. c4 Bd6 20. cxb5 cxb5 21. Qb2
Rac8 22. Rac1 Nb8 23. Rxc8 Rxc8 24. Rc1 Rxc1+ 25. Qxc1 Qc7 26. Qxc7 Bxc7 27. g4
Nc6 28. g5 Nd4 29. Bg2 Ne8 30. Kf1 Nd6 31. Nd5 Bd8 32. h4 Nc4 33. Bc3 Ne6 34.
Ke1 h6 35. gxh6 Bxh4 36. Ke2 Kh7 37. f3 Kxh6 38. Bh3 Bd8 $11 39. f4 exf4 40.
Bxe6 fxe6 41. Nxf4 Bc7 42. Nxe6 Be5 43. Kd3 Bxc3 44. Kxc3 g5 45. Kd4 g4 46. Nf4
g3 47. Ng2 Kg5 48. Kd5 Kg4 49. e5 Kf3 50. e6 Kxg2 51. e7 Kf3 52. e8=Q Ne3+ 53.
Kd4 Nf5+ 54. Kd3 g2 55. Qe4+ Kg3 56. Qxf5 g1=Q 57. Qg5+ Kf2 58. Qf4+ Ke1 59.
Qd2+ 1-0

[Event "SK Germania Kupferdreh 1 - SC Gerthe - "]
[Site "Verbandsklasse - Gruppe 2 201"]
[Date "2019.03.24"]
[Round "8.2"]
[White "Krimphoff, Ingo"]
[Black "BrueggestraÃŸ, Volker"]
[Result "1-0"]
[WhiteElo "1930"]
[BlackElo "2017"]
[PlyCount "103"]
[EventDate "2019.??.??"]

1. Nf3 Nf6 2. c4 g6 3. b4 Bg7 4. Bb2 c6 5. e3 O-O 6. Qb3 d5 7. Nc3 Re8 8. d4
Be6 9. a4 Nbd7 10. Be2 dxc4 11. Bxc4 Bxc4 12. Qxc4 e5 13. dxe5 Nxe5 14. Nxe5
Rxe5 15. Rd1 Qe7 16. O-O Qe6 17. Qxe6 Rxe6 18. Rd3 Ne4 19. Nd1 Bf8 20. f3 Rd6
21. Rxd6 Nxd6 22. Bc3 Nc4 23. Kf2 Nb6 24. Nb2 Nd5 25. Bd4 Nxb4 26. Rc1 c5 27.
Be5 Rd8 28. Ke2 b6 29. Rc3 Nc6 30. Bf6 Rd6 31. Bh4 Bg7 32. Nc4 Rd5 33. Rb3 Ne5
34. Na3 c4 35. Rb1 Ra5 36. Rd1 f6 37. f4 Nf7 38. Nxc4 Rxa4 39. Nd6 Ra2+ 40. Kf3
Bf8 41. Ne8 f5 42. Rd7 Bh6 43. Nf6+ Kg7 44. h3 a5 45. g4 fxg4+ 46. hxg4 Kf8 47.
Nxh7+ Kg8 48. Nf6+ Kf8 49. Rb7 g5 50. fxg5 Nxg5+ 51. Bxg5 Bxg5 52. Nh7+ 1-0

[Event "SK Germania Kupferdreh 1 - SC Gerthe - "]
[Site "Verbandsklasse - Gruppe 2 201"]
[Date "2019.03.24"]
[Round "8.3"]
[White "Gottmann, Bernd"]
[Black "PraemaÃŸing, Reiner"]
[Result "1/2-1/2"]
[WhiteElo "1952"]
[BlackElo "1834"]
[PlyCount "47"]
[EventDate "2019.??.??"]

1. d4 g6 2. c4 Bg7 3. Nc3 c5 4. d5 f5 5. Qc2 Nf6 6. e4 d6 7. Bd3 e6 8. dxe6
fxe4 9. Nxe4 Nc6 10. Nf3 O-O 11. a3 Bxe6 12. O-O Nxe4 13. Bxe4 Kh8 14. Be3 Bf5
15. Rad1 Qc7 16. Rd2 Bg4 17. h3 Bxf3 18. Bxf3 Nd4 19. Bxd4 Bxd4 20. Re1 Qf7 21.
Rde2 Rae8 22. b3 b6 23. Re4 Re5 24. Rxe5 1/2-1/2